| 000 | 00337nam a22001217a 4500 | ||
|---|---|---|---|
| 082 |
_a346.5491029 _bSAF |
||
| 100 | _aSaif, Arshad Ali | ||
| 245 |
_aCommentaries on The Powers of Attorney Act, 1882 / _cArshad Ali Saif |
||
| 260 |
_aLahore : _bImran Law Book House, _c2018. |
||
| 300 | _a220 p. | ||
| 563 | _aHB. | ||
| 942 |
_2ddc _cBK |
||
| 999 |
_c613947 _d613947 |
||